| 000 | 00885nam a22002297a 4500 | ||
|---|---|---|---|
| 001 | 38299 | ||
| 003 | BD-RjUL | ||
| 005 | 20211209052752.0 | ||
| 008 | 151102s1982 bg ||||| |||| 00| 0 ben d | ||
| 035 | _a(BD-RjUL)38404 | ||
| 040 |
_aBD-RjUL _bben _cBD-RjUL |
||
| 041 | _aben | ||
| 082 |
_219 _a954.02580924 |
||
| 100 |
_aনোমানী, শিবলী _9118386 |
||
| 245 |
_aআওরঙ্গজেব : _bচরিত্র ও বিচার / _cশিবলী নোমানী ; হাসান আলী অনূদিত |
||
| 260 |
_aঢাকা : _bবাংলা একাডেমী, _c১৯৮২ |
||
| 300 |
_a১৩০ পৃ. ; _c২১ সেমি. |
||
| 600 |
_aAurangzeb, _cEmperor of Hindustan _d1618-1707 _9118387 |
||
| 651 |
_aMogul Empire _xKings and rulers _xBiography _9118388 |
||
| 700 |
_aআলী, হাসান _9118389 |
||
| 942 |
_2ddc _cBK |
||
| 999 |
_c38299 _d38299 |
||